Apariencia y realidad en el pensamiento griego: investigaciones sobre aspectos epistemológicos, éticos y de teoría de la acción en algunas teorías de la Antigüedad

Gespeichert in:
Bibliographische Detailangaben
1. Verfasser: Boeri, Marcelo D
Format: Buch
Sprache:Spanisch
Veröffentlicht: Buenos Aires, Argentina. Ediciones Colihue. 2007
Schlagworte:
Tags: Tag hinzufügen
Keine Tags, Fügen Sie den ersten Tag hinzu!

MARC

LEADER 00000cam a2200000 a 4500
001 UCF7531
003 CL-VaPUC
005 20230717125222.0
008 130627e20070000AG |||||||||||||||||spa|d
999 |c 352354  |d 352352 
020 |a 9789505634040 
040 |c Pontificia Universidad Católica de Valparaíso 
082 0 4 |a 180 BOE 2007  |2 21 
100 0 |a Boeri, Marcelo D  |9 569580 
245 1 0 |a Apariencia y realidad en el pensamiento griego: investigaciones sobre aspectos epistemológicos, éticos y de teoría de la acción en algunas teorías de la Antigüedad 
260 0 3 |a Buenos Aires, Argentina.  |b Ediciones Colihue.  |c 2007 
300 |a 376 páginas 
583 |a last modification  |c 20130627 13:18:00  |k Rodrigo Vera 
650 0 |a Filosofía antigua   |9 255705 
650 0 |a Filosofía medieval  |9 256245 
650 0 |a Filosofía oriental  |9 319113 
942 |c BK  |2 ddc 
945 |d 20130627 00:00:00  |a dcastane 
952 |0 0  |1 0  |2 ddc  |4 0  |6 180_000000000000000_BOE_2007  |7 0  |8 A  |9 456842  |a BIBEDU  |b BIBEDU  |d 2019-11-22  |i 498045K  |l 2  |o 180 BOE 2007  |p 498045K  |r 2023-10-03  |s 2023-09-26  |t 1  |w 2019-11-22  |y BK  |k FIL